Víťazná Gregorova premiéra 18. ročník turnaja hádzanárov O pohár SNP

Bibliographic Details
Main Author: Simonides, Zdeno (Author)
Format: Article
Language:Slovak
Subjects:

MARC

LEADER 00000nab a2200000 a 4500
001 vtls000592795
003 SK-MaSNL
005 20260303015911.0
008 150501c1996 xo 0 slo
015 |a SNBRB19rr/mm-uuuuu 
035 |a CL0592934 
040 |a SNKBUCL  |b slo  |c SNKBUCL  |e AACR2 
041 0 |a slo 
044 |a xo  |c SK 
080 |a 796.322.093.1  |2 1981 
100 1 |a Simonides, Zdeno  |4 aut  |9 267849 
245 1 0 |a Víťazná Gregorova premiéra  |b 18. ročník turnaja hádzanárov O pohár SNP  |c Zdeno Simonides 
650 0 7 |a hádzaná  |2 snkbucl  |9 3292 
650 0 7 |a O pohár SNP 1996  |2 snkbucl  |9 999198 
655 7 |a články z novín a časopisov  |2 snkbucl  |9 267496 
773 0 |t Šport  |g Roč. 50, č. 198 (24. 8. 1996), s. 19 
850 |a Slovenská národná knižnica v Martine  |a MTA001 
852 |a SNK  |b KIS3GCP 
958 |a RK 
958 |a PL 
992 |a RBX 
999 |c 1615413  |d 1617343